[Event "Titled Tuesday intern op 24th Jan Late"]
[Site "Chess.com INT"]
[Date "2023.01.24"]
[Round "5"]
[White "Papayan, Oleg"]
[Black "Quispe Arteaga, Gabriel"]
[Result "1-0"]
[WhiteElo "2253"]
[BlackElo "2376"]
[PlyCount "137"]
[EventDate "2023.01.24"]
[EventType "swiss (blitz)"]
[EventRounds "11"]
[EventCountry "USA"]
[SourceTitle "EXT 2024"]
[Source "ChessBase"]
[SourceDate "2023.10.10"]
[SourceVersion "1"]
[SourceVersionDate "2023.10.10"]
[SourceQuality "1"]

1. d4 Nf6 2. Nf3 e6 3. Bf4 b6 4. e3 Bb7 5. Bd3 h6 6. h3 Bd6 7. Bxd6 cxd6 8. 0-0 d5 9. Nbd2 0-0 10. Qe2 Ne4 11. c3 d6 12. Rac1 Nd7 13. Bb1 Rc8 14. Nxe4 dxe4 15. Nd2 f5 16. f3 exf3 17. Nxf3 Qe7 18. e4 f4 19. e5 dxe5 20. Nxe5 Nxe5 21. Qxe5 Qf6 22. Rce1 Bd5 23. Rf2 g5 24. a3 Kg7 25. Qxf6+ Rxf6 26. Be4 Bc4 27. Bf3 b5 28. Be2 Kf7 29. Bxc4 bxc4 30. Re5 Rf5 31. Rxf5+ exf5 32. Re2 Rb8 33. Kf2 g4 34. Ke1 h5 35. Kd1 Kf6 36. Kc2 Kg5 37. d5 Rd8 38. Rd2 Rd6 39. b3 cxb3+ 40. Kxb3 f3 41. gxf3 gxf3 42. c4 Kf4 43. c5 Rd8 44. d6 Ke3 45. Rd1 f2 46. Kc4 Ke2 47. Ra1 f4 48. Kd5 f3 49. c6 f1Q 50. Rxf1 Kxf1 51. c7 Rf8 52. d7 Kg2 53. d8Q Rf5+ 54. Ke4 f2 55. Kxf5 f1Q+ 56. Ke6 Qe2+ 57. Kf7 Qf3+ 58. Kg6 Qe4+ 59. Kf7 Qh7+ 60. Ke6 Qe4+ 61. Kd7 Qd5+ 62. Ke8 Qg8+ 63. Kd7 Qd5+ 64. Ke7 Qe5+ 65. Kf7 Qf5+ 66. Qf6 Qd7+ 67. Qe7 Qf5+ 68. Kg8 Qg6+ 69. Qg7 1-0

[Event "Titled Tuesday intern op 24th Jan Late"]
[Site "Chess.com INT"]
[Date "2023.01.24"]
[Round "4"]
[White "Quispe Arteaga, Gabriel"]
[Black "Diaz Perez, Michel Alejandro"]
[Result "0-1"]
[WhiteElo "2376"]
[BlackElo "2414"]
[PlyCount "74"]
[EventDate "2023.01.24"]
[EventType "swiss (blitz)"]
[EventRounds "11"]
[EventCountry "USA"]
[SourceTitle "EXT 2024"]
[Source "ChessBase"]
[SourceDate "2023.10.10"]
[SourceVersion "1"]
[SourceVersionDate "2023.10.10"]
[SourceQuality "1"]

1. c4 Nf6 2. Nc3 c6 3. e4 d5 4. e5 d4 5. exf6 dxc3 6. bxc3 exf6 7. d4 Bd6 8. Bd3 0-0 9. Ne2 Qc7 10. h3 Nd7 11. 0-0 c5 12. Qc2 g6 13. Bh6 Re8 14. f4 f5 15. d5 Nf6 16. Ng3 Re3 17. Kh2 Bd7 18. Bg5 Kg7 19. Bxf5 Rxg3 20. Bxf6+ Kxf6 21. Bxd7 Re3 22. Bg4 h5 23. Bf3 Bxf4+ 24. Kh1 Kg7 25. Rae1 Rae8 26. Rxe3 Rxe3 27. Qf2 Rxc3 28. Bxh5 Bg5 29. Qb2 Qe5 30. Qxb7 Bf4 31. Bg4 Rc1 32. Rxc1 Bxc1 33. Qb3 Qe1+ 34. Kh2 Bf4+ 35. g3 Qf2+ 36. Kh1 Bxg3 37. Qc3+ f6 0-1

[Event "Titled Tuesday intern op 17th Jan Late"]
[Site "Chess.com INT"]
[Date "2023.01.17"]
[Round "4"]
[White "Megalios, Konstantinos"]
[Black "Quispe Arteaga, Gabriel"]
[Result "1/2-1/2"]
[WhiteElo "2397"]
[BlackElo "2376"]
[PlyCount "165"]
[EventDate "2023.01.17"]
[EventType "swiss (blitz)"]
[EventRounds "11"]
[EventCountry "USA"]
[SourceTitle "CBM 212 Extra"]
[Source "ChessBase"]
[SourceDate "2023.03.31"]
[SourceVersion "1"]
[SourceVersionDate "2023.03.31"]
[SourceQuality "1"]

1. Nf3 Nf6 2. c4 c5 3. Nc3 d5 4. cxd5 Nxd5 5. e3 Nxc3 6. bxc3 g6 7. d4 Bg7 8. Bb5+ Bd7 9. Bxd7+ Nxd7 10. 0-0 0-0 11. Rb1 Qc7 12. e4 Rac8 13. Bg5 cxd4 14. cxd4 Nf6 15. Bxf6 Bxf6 16. e5 Bg7 17. Qb3 b6 18. h4 e6 19. Rfd1 Rfd8 20. a4 Qc4 21. a5 bxa5 22. Qxc4 Rxc4 23. Rb7 Bf8 24. Rxa7 Bb4 25. g3 h6 26. Kf1 Rc2 27. Nh2 Kg7 28. Nf3 Rd5 29. Kg2 Bf8 30. Rb1 Bb4 31. Rd1 Kg8 32. Rd3 Rd8 33. Rd1 Rdc8 34. d5 exd5 35. Rxd5 R2c7 36. Rd7 Rxd7 37. Rxd7 Ra8 38. e6 fxe6 39. Ne5 a4 40. Ng4 Bc3 41. Rc7 Bg7 42. Rc2 a3 43. Ra2 Bf8 44. Ne5 Bd6 45. Nxg6 Kf7 46. h5 Kf6 47. f4 Rb8 48. Kf3 Rb2 49. Ra1 a2 50. g4 Bc5 51. Ke4 Rb4+ 52. Kd3 Rb2 53. Ke4 Rg2 54. Kf3 Rf2+ 55. Ke4 Rb2 56. Kd3 Rg2 57. Ke4 Rxg4 58. Rxa2 Rg1 59. Ra6 Re1+ 60. Kf3 Rf1+ 61. Kg4 Rg1+ 62. Kf3 Rh1 63. Kg4 Rg1+ 64. Kf3 Rd1 65. Ne5 Bd6 66. Nc4 Be7 67. Ke4 Rh1 68. Ne3 Rxh5 69. f5 Rh4+ 70. Kf3 Kf7 71. Rxe6 Rh1 72. Ke4 Bg5 73. Nd5 Re1+ 74. Kf3 Rxe6 75. fxe6+ Kxe6 76. Nf4+ Kf5 77. Nh3 Bf6 78. Kg3 Be5+ 79. Kg2 Bd4 80. Kg3 Bc3 81. Kh4 Kg6 82. Nf4+ Kh7 83. Kh5 1/2-1/2

[Event "Titled Tuesday intern op 17th Jan Late"]
[Site "Chess.com INT"]
[Date "2023.01.17"]
[Round "8"]
[White "Quispe Arteaga, Gabriel"]
[Black "Martin Fuentes, Alberto"]
[Result "1-0"]
[WhiteElo "2376"]
[BlackElo "2393"]
[PlyCount "95"]
[EventDate "2023.01.17"]
[EventType "swiss (blitz)"]
[EventRounds "11"]
[EventCountry "USA"]
[SourceTitle "CBM 212 Extra"]
[Source "ChessBase"]
[SourceDate "2023.03.31"]
[SourceVersion "1"]
[SourceVersionDate "2023.03.31"]
[SourceQuality "1"]

1. c4 Nf6 2. Nc3 c5 3. Nf3 Nc6 4. d4 cxd4 5. Nxd4 d6 6. g3 g6 7. Bg2 Bd7 8. 0-0 Bg7 9. h3 0-0 10. Be3 Qa5 11. Qd2 Qh5 12. h4 Ng4 13. Nxc6 Bxc6 14. Bd4 Bxg2 15. Kxg2 Nf6 16. Rac1 Rfc8 17. Bxf6 Bxf6 18. Nd5 Qe5 19. b3 Rc6 20. Qd3 Rac8 21. f4 Qe6 22. f5 gxf5 23. Rxf5 Be5 24. Rh5 h6 25. Rf1 Re8 26. Qe3 Kg7 27. Rhf5 Rf8 28. Qxa7 Ra6 29. Qxb7 Rxa2 30. Qxe7 Rxe2+ 31. R1f2 Qxf5 32. Rxe2 Qg4 33. Rxe5 dxe5 34. Qxe5+ f6 35. Qe7+ Rf7 36. Qe3 Qf5 37. Nf4 Rd7 38. Nd5 Qc2+ 39. Kh3 Qf5+ 40. g4 Qf1+ 41. Kg3 Rf7 42. Nf4 f5 43. g5 hxg5 44. hxg5 Kg8 45. g6 Rf8 46. Qe6+ Kg7 47. Qe7+ Kg8 48. Qh7# 1-0

[Event "Titled Tuesday intern op 17th Jan Late"]
[Site "Chess.com INT"]
[Date "2023.01.17"]
[Round "6"]
[White "Weetik, Vjacheslav"]
[Black "Quispe Arteaga, Gabriel"]
[Result "0-1"]
[WhiteElo "2423"]
[BlackElo "2376"]
[PlyCount "74"]
[EventDate "2023.01.17"]
[EventType "swiss (blitz)"]
[EventRounds "11"]
[EventCountry "USA"]
[SourceTitle "CBM 212 Extra"]
[Source "ChessBase"]
[SourceDate "2023.03.31"]
[SourceVersion "1"]
[SourceVersionDate "2023.03.31"]
[SourceQuality "1"]

1. d4 Nf6 2. Nf3 e6 3. c4 Bb4+ 4. Nbd2 0-0 5. e3 Re8 6. Be2 b6 7. a3 Bf8 8. 0-0 Bb7 9. b4 c5 10. bxc5 bxc5 11. Rb1 Qc7 12. Ne5 Nc6 13. Ndf3 Rab8 14. Qc2 cxd4 15. exd4 Nxd4 16. Nxd4 Qxe5 17. Bf3 Bxf3 18. Nxf3 Qe4 19. Qxe4 Nxe4 20. Be3 a6 21. Ne5 Nf6 22. a4 Bd6 23. Nd3 Ne4 24. g3 h6 25. Kg2 Nc3 26. Ra1 Rec8 27. c5 Be7 28. Rfc1 Nd5 29. Bd4 Bf6 30. Bxf6 gxf6 31. Rab1 Kf8 32. Kf3 Ke7 33. g4 d6 34. c6 Rxb1 35. Rxb1 Rxc6 36. Rb7+ Rc7 37. Rb8 Rc3 0-1

[Event "Madrid-chT Honor 2223"]
[Site "Madrid"]
[Date "2022.12.11"]
[Round "3.6"]
[White "Quispe Arteaga, Gabriel"]
[Black "Romero Fite, Miguel"]
[Result "1-0"]
[WhiteElo "2376"]
[BlackElo "1983"]
[PlyCount "77"]
[EventDate "2022.11.20"]
[EventType "team-tourn"]
[EventRounds "14"]
[EventCountry "ESP"]
[SourceTitle "EXT 2024"]
[Source "ChessBase"]
[SourceDate "2023.10.10"]
[SourceVersion "1"]
[SourceVersionDate "2023.10.10"]
[SourceQuality "1"]
[WhiteTeam "Collado Villalba"]
[BlackTeam "San Fernando de Henares"]
[WhiteTeamCountry "ESP"]
[BlackTeamCountry "ESP"]

1. c4 e6 2. Nc3 d5 3. d4 Nf6 4. cxd5 exd5 5. Bg5 c6 6. e3 Be7 7. Bd3 Nbd7 8. Nge2 h6 9. Bh4 Nh5 10. Bxe7 Qxe7 11. g4 Nhf6 12. Ng3 Nb6 13. h3 Be6 14. a4 Nc8 15. Qe2 Nd6 16. f3 Qc7 17. Rg1 Nc8 18. Nf5 Bxf5 19. gxf5 Rg8 20. e4 dxe4 21. fxe4 Ne7 22. 0-0-0 0-0-0 23. Bc4 Rdf8 24. Kb1 Kb8 25. Qf3 Nd7 26. Rg2 Qb6 27. Qf4+ Ka8 28. Qd6 Qd8 29. a5 Nc8 30. Qb4 Qe7 31. Qb3 Nd6 32. Bd3 Qh4 33. Rc2 Qxh3 34. Qb4 Nc8 35. a6 b6 36. Nd5 Qf3 37. Rdd2 Nf6 38. Qc4 Qh1+ 39. Ka2 1-0